La Tenencia de la tierra en el valle de Machachi a finales del siglo XVII
Sábháilte in:
| Príomhchruthaitheoir: | |
|---|---|
| Formáid: | Téacs |
| Foilsithe / Cruthaithe: |
Quito:
s.e.
|
| Clibeanna: |
Cuir clib leis
Níl clibeanna ann, Bí ar an gcéad duine le clib a chur leis an taifead seo!
|
MARC
| LEADER | 00000 a a2200000 04500 | ||
|---|---|---|---|
| 001 | 24417 | ||
| 003 | |||
| 040 | |||
| 090 | |a 175100 | ||
| 100 | |a Borchart de Moreno, Christiana | ||
| 245 | |a La Tenencia de la tierra en el valle de Machachi a finales del siglo XVII | ||
| 260 | |a Quito: |b s.e. | ||
| 300 | |a pp. 143-167 | ||
| 999 | |c 11485 |d 11485 | ||
